[Event "Michigan Fall Open"]
[Site "Ann Arbor, Mich."]
[Date "1974.11.09"]
[Round "3"]
[White "Ginzler, Ron"]
[Black "Moody, David"]
[Result "0-1"]
[WhiteElo "1351"]
[BlackElo "1640"]
[PlyCount "82"]
[EventDate "1974.11.09"]

1. e4 c6 2. d4 d5 3. Nc3 dxe4 4. Nxe4 Nd7 5. Bf4 Ngf6 6. Qe2 Nxe4 7. Qxe4 Nf6
8. Qd3 g6 9. Nf3 Bf5 10. Qe2 Nd5 11. Bd2 Bxc2 12. g4 Qb6 13. b3 Nb4 14. Qc4 Be4
15. Ne5 Nc2+ 16. Kd1 Bd5 17. Qxc2 Qxd4 18. Qc3 Qxc3 19. Bxc3 Bxh1 20. Nxf7 Rg8
21. Ng5 O-O-O+ 22. Kc2 h6 23. Ne6 Rd6 24. Re1 Bd5 25. Bc4 Bxc4 26. bxc4 b6 27.
a4 Kd7 28. Nf4 Bg7 29. Bd2 Rd4 30. Nxg6 Rxc4+ 31. Kb3 Rxg4 32. Nf4 Rf8 33. Nd3
Rf3 34. Kc2 Rc4+ 35. Kb3 Rxd3+ 36. Kxc4 Rxd2 37. f4 Rd4+ 38. Kb3 Rxf4 39. Kc2
Rf2+ 40. Kd3 Rxh2 41. Ke4 Rh4+ 0-1

[Event "Michigan Fall Open"]
[Site "Ann Arbor, Mich."]
[Date "1974.11.09"]
[Round "1"]
[White "Fox, John"]
[Black "Moody, David"]
[Result "1-0"]
[WhiteElo "1747"]
[BlackElo "1640"]
[PlyCount "31"]
[EventDate "1974.11.09"]

1. e4 c6 2. d3 d5 3. Nd2 e5 4. g3 Nf6 5. Bg2 Be6 6. Ngf3 Nbd7 7. O-O Bc5 8. Qe1
dxe4 9. dxe4 O-O 10. Kh1 Qb6 11. h3 Bb4 12. c3 Bd6 13. Nh4 Nc5 14. Qe2 Rad8 15.
f4 Nh5 16. Qxh5 1-0

[Event "Michigan Fall Open"]
[Site "Ann Arbor, Mich."]
[Date "1974.11.10"]
[Round "4"]
[White "Moody, David"]
[Black "Mendelson, Mike"]
[Result "0-1"]
[WhiteElo "1640"]
[BlackElo "1714"]
[PlyCount "80"]
[EventDate "1974.11.09"]

1. e4 g6 2. d4 Bg7 3. Bc4 d6 4. Nf3 Nf6 5. Nc3 c6 6. O-O O-O 7. Qe2 b5 8. Bb3
Ba6 9. e5 b4 10. Bc4 Bxc4 11. Qxc4 bxc3 12. exf6 Bxf6 13. Qxc3 c5 14. Qc4 cxd4
15. Nxd4 Nd7 16. Nf3 Rc8 17. Qb3 Rb8 18. Qa3 Qb6 19. Be3 Qxb2 20. Qxa7 Qb5 21.
a4 Qc6 22. Rab1 Rxb1 23. Rxb1 Ra8 24. Qb7 Rb8 25. Qxb8+ Nxb8 26. Rxb8+ Kg7 27.
a5 Qa4 28. h3 Qxa5 29. Kf1 Qc7 30. Ra8 Qc4+ 31. Kg1 Qxc2 32. Nh2 Qd1+ 33. Nf1
d5 34. Bc5 h6 35. Be3 e5 36. g3 d4 37. Bd2 e4 38. Re8 Qf3 39. Nh2 Qd1+ 40. Nf1
Qc2 0-1

[Event "Michigan Fall Open"]
[Site "Ann Arbor, Mich."]
[Date "1974.11.10"]
[Round "5"]
[White "Koster, Ed"]
[Black "Moody, David"]
[Result "1-0"]
[WhiteElo "1493"]
[BlackElo "1640"]
[PlyCount "39"]
[EventDate "1974.11.09"]

1. e4 c6 2. d4 d5 3. Nc3 dxe4 4. Nxe4 Nd7 5. Bc4 Ngf6 6. Ng5 e6 7. Qe2 Nd5 8.
N1f3 Be7 9. O-O O-O 10. Re1 N7f6 11. Ne5 Nb6 12. Nexf7 Qxd4 13. Bxe6 Bxe6 14.
Qxe6 Qd5 15. Nh6+ Kh8 16. Ngf7+ Rxf7 17. Nxf7+ Kg8 18. Nh6+ Kh8 19. Qxe7 Re8
20. Qxe8+ 1-0

[Event "Livonia Open"]
[Site "Livonia, Mich."]
[Date "1975.06.14"]
[Round "2"]
[White "Moody, David"]
[Black "Wilson, Chris"]
[Result "0-1"]
[WhiteElo "1576"]
[BlackElo "1409"]
[PlyCount "112"]
[EventDate "1975.06.14"]

1. e4 e6 2. d4 d5 3. Nc3 Bb4 4. e5 c5 5. a3 Bxc3+ 6. bxc3 Ne7 7. g4 Nbc6 8. Nf3
Qc7 9. Bd3 c4 10. Be2 Bd7 11. O-O O-O-O 12. Bf4 h6 13. Bg3 Ng6 14. Nd2 Be8 15.
f4 Nf8 16. f5 Ne7 17. f6 gxf6 18. exf6 Qd7 19. fxe7 Qxe7 20. Qe1 Nd7 21. Qf2 f6
22. Qf4 e5 23. dxe5 fxe5 24. Qe3 b6 25. a4 Qc5 26. Qxc5+ bxc5 27. Rf5 Bg6 28.
Rf2 Bxc2 29. Nf3 Bd3 30. Nxe5 Nxe5 31. Bxe5 Rhe8 32. Bxd3 cxd3 33. Bg3 Rd7 34.
Rb1 Rb7 35. Rxb7 Kxb7 36. a5 c4 37. Bf4 d4 38. cxd4 c3 39. Bd2 c2 40. Bxh6 Re1+
41. Rf1 Rd1 42. Kf2 d2 43. Bxd2 Rxd2+ 44. Ke3 Rd1 45. Rf7+ Ka6 46. Rf6+ Kxa5
47. Rf5+ Kb6 48. Rc5 c1=Q+ 49. Rxc1 Rxc1 50. h4 a5 51. h5 a4 52. h6 a3 53. Kd2
a2 54. Kxc1 a1=Q+ 55. Kc2 Qxd4 56. g5 Qc5+ 0-1

[Event "Livonia Open"]
[Site "Livonia, Mich."]
[Date "1975.06.14"]
[Round "1"]
[White "Moody, David"]
[Black "Phillips, Doug"]
[Result "1-0"]
[WhiteElo "1576"]
[BlackElo "1331"]
[PlyCount "61"]
[EventDate "1975.06.14"]

1. e4 e6 2. d4 d5 3. Nc3 Bb4 4. e5 c5 5. a3 Bxc3+ 6. bxc3 Qc7 7. Nf3 Nc6 8. Bd3
c4 9. Be2 Bd7 10. Bg5 h6 11. Bh4 g5 12. Bg3 O-O-O 13. O-O Nge7 14. Nd2 Nf5 15.
Nb1 Rdf8 16. a4 Qd8 17. Na3 a6 18. Qb1 Nxg3 19. fxg3 f5 20. Qb2 Na5 21. Rfb1
Rh7 22. Qb4 Bc6 23. Nb5 axb5 24. axb5 Be8 25. Rxa5 Qe7 26. Ra8+ Kd7 27. Qa4 Qg7
28. b6+ Ke7 29. Qb4+ Kf7 30. Bh5+ Kg8 31. Qxf8+ 1-0

[Event "Livonia Open"]
[Site "Livonia, Mich."]
[Date "1975.06.14"]
[Round "4"]
[White "Moody, David"]
[Black "Cadotte, Robert"]
[Result "1-0"]
[WhiteElo "1576"]
[BlackElo "1381"]
[PlyCount "49"]
[EventDate "1975.06.14"]

1. e4 e5 2. Nf3 Nc6 3. Bc4 Nf6 4. Ng5 d5 5. exd5 Nxd5 6. d4 Nxd4 7. c3 Ne6 8.
Qxd5 Qxd5 9. Bxd5 Nxg5 10. Bxg5 f6 11. Be3 c6 12. Bf3 Be6 13. Nd2 O-O-O 14.
O-O-O b6 15. Bxc6 Rd6 16. Bf3 Bxa2 17. b3 Rd3 18. Kb2 f5 19. Nc4 Rxd1 20. Rxd1
e4 21. Be2 Bxb3 22. Kxb3 Kc7 23. Bf4+ Kb7 24. Nd6+ Ka8 25. Nf7 1-0

[Event "Michigan Team Tournament"]
[Site "Kalamazoo, Mich."]
[Date "1975.07.04"]
[Round "1"]
[White "Moody, David"]
[Black "Quigley, Larry"]
[Result "1/2-1/2"]
[WhiteElo "1576"]
[BlackElo "1962"]
[PlyCount "103"]
[EventDate "1975.07.04"]

1. e4 e5 2. Nf3 d6 3. Bc4 c6 4. Nc3 Be7 5. d4 Nd7 6. O-O Ngf6 7. Bg5 b5 8. dxe5
dxe5 9. Bb3 Qc7 10. Qe2 a5 11. a4 b4 12. Nb1 O-O 13. Nbd2 Nc5 14. Rfd1 Bg4 15.
Qe3 Ne6 16. Bh4 Bc5 17. Qe1 Nd4 18. Bg3 Rfe8 19. c3 Bxf3 20. gxf3 Ne6 21. Nc4
Ng5 22. Qe2 Nh5 23. Ne3 Nh3+ 24. Kh1 N3f4 25. Bxf4 Nxf4 26. Qc4 Qa7 27. Re1 Re6
28. cxb4 axb4 29. Rac1 Bd4 30. Qxb4 Rg6 31. Nf5 Nh3 32. Rf1 Re8 33. Nxd4 exd4
34. Qc5 Qb8 35. Bxf7+ Kxf7 36. Qf5+ Kg8 37. Qxh3 Rf8 38. Rg1 Rgf6 39. Qd7 g6
40. Qxd4 Qf4 41. Rc3 Qh4 42. Rxc6 Rxc6 43. Qd5+ Kg7 44. Qxc6 Rxf3 45. Qd7+ Kh6
46. Qg4 Qxf2 47. Qg2 Qe3 48. Rd1 Qxe4 49. Qd2+ Re3+ 50. Kg1 Qg4+ 51. Kh1 Qf3+
52. Kg1 1/2-1/2

[Event "Michigan Team Tournament"]
[Site "Kalamazoo, Mich."]
[Date "1975.07.04"]
[Round "2"]
[White "Graber, Randy"]
[Black "Moody, David"]
[Result "1-0"]
[WhiteElo "1530"]
[BlackElo "1576"]
[PlyCount "113"]
[EventDate "1975.07.04"]

1. e4 e6 2. d4 d5 3. Nd2 c5 4. exd5 exd5 5. Bb5+ Nc6 6. Qe2+ Be6 7. Ngf3 a6 8.
Bxc6+ bxc6 9. O-O Nf6 10. Ng5 Qd7 11. dxc5 Bxc5 12. Nb3 Bd6 13. Nd4 O-O 14.
Ngxe6 Rfe8 15. Qd3 fxe6 16. f4 c5 17. Ne2 Ne4 18. c4 Qf7 19. f5 exf5 20. Qxd5
Qxd5 21. cxd5 Nf6 22. Nc3 g6 23. Bf4 Bxf4 24. Rxf4 Rad8 25. Rd1 Re5 26. Rc4 Rc8
27. b4 Kf7 28. bxc5 Rce8 29. d6 Ng4 30. Rxg4 fxg4 31. d7 Rd8 32. Na4 Re2 33.
Rd5 Ke6 34. Nb6 Rxa2 35. Rd6+ Ke7 36. Nd5+ Kf7 37. c6 Rc2 38. c7 Rxc7 39. Nxc7
Ke7 40. Rd4 Rxd7 41. Rxd7+ Kxd7 42. Nxa6 Ke6 43. Kf2 Kf5 44. Ke3 Kg5 45. g3 h5
46. Ke4 Kf6 47. Nb4 g5 48. Nd5+ Ke6 49. Ne3 Kf6 50. Nf5 Kg6 51. Ke5 Kf7 52.
Nd6+ Kg6 53. Ke6 h4 54. Ne4 Kh6 55. Kf5 h3 56. Nxg5 Kh5 57. Ne4 1-0

[Event "Michigan Team Tournament"]
[Site "Kalamazoo, Mich."]
[Date "1975.07.05"]
[Round "4"]
[White "Moody, David"]
[Black "Schulien, Charles"]
[Result "0-1"]
[WhiteElo "1576"]
[BlackElo "1925"]
[PlyCount "40"]
[EventDate "1975.07.04"]

1. e4 c5 2. Nf3 d6 3. d4 cxd4 4. Nxd4 Nf6 5. Nc3 g6 6. Be2 Bg7 7. Be3 O-O 8.
O-O Nc6 9. Qd2 Ng4 10. Bxg4 Bxg4 11. Nxc6 bxc6 12. Bh6 Bxh6 13. Qxh6 Qb6 14.
Rab1 Be6 15. Kh1 Bc4 16. Rfe1 Qxf2 17. Rbd1 e5 18. Re3 Be6 19. Ne2 Rad8 20. Ng3
Qf4 0-1

[Event "Michigan Team Tournament"]
[Site "Kalamazoo, Mich."]
[Date "1975.07.05"]
[Round "3"]
[White "Moody, David"]
[Black "Bassin, Charles"]
[Result "1-0"]
[WhiteElo "1576"]
[BlackElo "2170"]
[PlyCount "99"]
[EventDate "1975.07.04"]

1. e4 c5 2. Nf3 d6 3. d4 cxd4 4. Nxd4 Nf6 5. Nc3 g6 6. Be2 Bg7 7. Be3 O-O 8.
O-O Nc6 9. Qd2 d5 10. exd5 Nxd5 11. Nxd5 Qxd5 12. Bf3 Qxd4 13. Bxd4 Nxd4 14.
Be4 Be6 15. Rfd1 Rfd8 16. Qe3 Nf5 17. Bxf5 gxf5 18. Rxd8+ Rxd8 19. c3 a6 20.
Qf3 Be5 21. Rd1 Rb8 22. Qe3 Bd6 23. Qg5+ Kh8 24. b3 Rg8 25. Qe3 Rd8 26. Kf1 Rc8
27. Qb6 Rb8 28. c4 Kg7 29. c5 Be5 30. Rd8 Bc8 31. g3 f4 32. gxf4 Bxf4 33. c6
bxc6 34. Qd4+ e5 35. Qd6 Bh3+ 36. Ke1 Rxd8 37. Qxd8 Be6 38. h4 Bd5 39. Qb6 Kh6
40. Qxa6 Kh5 41. Qd3 e4 42. Qh3 Be6 43. Qc3 Kxh4 44. Qxc6 Bf5 45. a4 h5 46. a5
e3 47. fxe3 Bg3+ 48. Kd2 Bb8 49. a6 Kg5 50. Qb7 1-0

[Event "Michigan Team Tournament"]
[Site "Kalamazoo, Mich."]
[Date "1975.07.06"]
[Round "6"]
[White "Smith, Les LeRoy"]
[Black "Moody, David"]
[Result "1-0"]
[WhiteElo "1637"]
[BlackElo "1576"]
[PlyCount "23"]
[EventDate "1975.07.04"]

1. f4 e5 2. fxe5 d6 3. exd6 Bxd6 4. Nf3 g5 5. g3 Bg4 6. d4 Qe7 7. Qd3 h6 8. Bg2
Nc6 9. O-O O-O-O 10. d5 Nb4 11. Qc4 Nxd5 12. Qxg4+ 1-0

[Event "U.S. Open"]
[Site "Lincoln, Neb."]
[Date "1975.08.10"]
[Round "1"]
[White "Grey, Peter"]
[Black "Moody, David"]
[Result "1-0"]
[WhiteElo "2023"]
[BlackElo "1640"]
[PlyCount "103"]
[EventDate "1975.08.10"]

1. e4 e5 2. Nf3 Nc6 3. Bb5 a6 4. Ba4 Nf6 5. O-O Be7 6. Re1 b5 7. Bb3 O-O 8. c3
d5 9. exd5 Nxd5 10. Nxe5 Nxe5 11. Rxe5 c6 12. d4 Bd6 13. Re1 Qh4 14. g3 Qh3 15.
Re4 Nf6 16. Rh4 Qf5 17. Bf4 Bxf4 18. Rxf4 Qh3 19. Rh4 Qf5 20. Rf4 Qh3 21. Qf3
Re8 22. Nd2 Re7 23. Ne4 Rxe4 24. Rxe4 Bg4 25. Rxg4 Nxg4 26. Bxf7+ Kh8 27. Qg2
Qxg2+ 28. Kxg2 Rf8 29. Re1 Nxf2 30. Re8 Rxe8 31. Bxe8 Nd3 32. Bxc6 Nxb2 33. Bb7
a5 34. Ba6 Nd1 35. Bxb5 Nxc3 36. Bc4 Na4 37. Kf3 Nb6 38. Be6 g6 39. Ke4 Kg7 40.
Ke5 Kf8 41. Kf6 Na4 42. d5 Nc5 43. d6 Nb7 44. Ke5 Nd8 45. Kd5 Ke8 46. Bc8 Nf7
47. Kc5 Kd8 48. Be6 Ng5 49. Bd5 Kd7 50. Bc6+ Kd8 51. Kb6 Nf7 52. d7 1-0

[Event "U.S. Open"]
[Site "Lincoln, Neb."]
[Date "1975.08.11"]
[Round "2"]
[White "Moody, David"]
[Black "Cunningham, Evelyn"]
[Result "1-0"]
[WhiteElo "1640"]
[BlackElo "1185"]
[PlyCount "93"]
[EventDate "1975.08.10"]

1. e4 e5 2. Nf3 Nc6 3. Bc4 Qe7 4. d3 f6 5. Nc3 Nd4 6. Nd5 Qd6 7. Nxd4 exd4 8.
Bf4 Qc5 9. Nxc7+ Kd8 10. Nxa8 d6 11. Rb1 Qb4+ 12. Qd2 Qc5 13. b4 Qh5 14. b5 b6
15. Qb4 Kd7 16. a4 g5 17. Bg3 Bb7 18. Bd5 Bxd5 19. exd5 g4 20. Qc4 Qe8+ 21. Kd1
Qxa8 22. Qc6+ Qxc6 23. bxc6+ Kc7 24. Re1 Ne7 25. Rxe7+ Bxe7 26. Rb4 h5 27. Rxd4
h4 28. Bf4 Rh5 29. c4 f5 30. c5 bxc5 31. Rc4 Rh8 32. Rxc5 Rb8 33. Rb5 Rb6 34.
Rxb6 axb6 35. Kc2 Bf6 36. Kb3 Bd4 37. Be3 Be5 38. g3 h3 39. Kc4 Bf6 40. Kb5 Kc8
41. Bxb6 Bd8 42. Bxd8 Kxd8 43. Kb6 Kc8 44. a5 f4 45. a6 Kb8 46. a7+ Kc8 47.
a8=Q# 1-0

[Event "U.S. Open"]
[Site "Lincoln, Neb."]
[Date "1975.08.12"]
[Round "3"]
[White "Koller, Joseph"]
[Black "Moody, David"]
[Result "0-1"]
[WhiteElo "1846"]
[BlackElo "1640"]
[PlyCount "96"]
[EventDate "1975.08.10"]

1. e4 e5 2. Nf3 Nc6 3. Bb5 a6 4. Ba4 Nf6 5. O-O Be7 6. Bxc6 dxc6 7. Qe1 O-O 8.
Nxe5 Bd6 9. Nf3 Re8 10. d3 Bg4 11. Nbd2 Bf4 12. Nc4 Nh5 13. Bxf4 Nxf4 14. Qe3
Qf6 15. e5 Qh6 16. Rfe1 g5 17. Ncd2 Re6 18. Nd4 Rg6 19. Qg3 Bd7 20. Ne4 Rd8 21.
Nf6+ Kh8 22. Nxd7 Rxd7 23. Re4 Rxd4 24. Rae1 Rxe4 25. Rxe4 Qh5 26. f3 Rh6 27.
d4 Qh4 28. Qxh4 Rxh4 29. h3 Ng6 30. Kf2 Rxe4 31. fxe4 h5 32. g3 Kg7 33. Ke3 Kf8
34. c4 c5 35. dxc5 Nxe5 36. Kd4 Nc6+ 37. Kd5 Nb4+ 38. Ke5 Nd3+ 39. Kf5 Nxc5 40.
e5 Ne6 41. Kf6 h4 42. gxh4 gxh4 43. Kf5 Kg7 44. Kg4 Kg6 45. Kxh4 Ng5 46. Kg4
Nxh3 47. Kxh3 Kf5 48. Kg3 Kxe5 0-1

[Event "U.S. Open"]
[Site "Lincoln, Neb."]
[Date "1975.08.13"]
[Round "4"]
[White "Moody, David"]
[Black "Rose, John"]
[Result "0-1"]
[WhiteElo "1640"]
[BlackElo "1888"]
[PlyCount "52"]
[EventDate "1975.08.10"]

1. e4 g6 2. d4 Bg7 3. Be3 d6 4. Nf3 Nf6 5. Nbd2 O-O 6. Bd3 Ng4 7. Bf4 e5 8.
dxe5 dxe5 9. Bg3 Qe7 10. h3 Nh6 11. Nc4 f6 12. Qe2 c6 13. O-O-O Be6 14. Kb1 Nd7
15. Ne3 Nc5 16. Bh4 Nf7 17. g4 Nxd3 18. cxd3 Nd6 19. Nd2 Nb5 20. Qf3 Qb4 21.
Nb3 Bxb3 22. axb3 Qxb3 23. Ka1 Nd4 24. Qg2 a5 25. Rhg1 a4 26. Nf5 a3 0-1

[Event "U.S. Open"]
[Site "Lincoln, Neb."]
[Date "1975.08.14"]
[Round "5"]
[White "Wolff, Stephen"]
[Black "Moody, David"]
[Result "1/2-1/2"]
[WhiteElo "1815"]
[BlackElo "1640"]
[PlyCount "45"]
[EventDate "1975.08.10"]

1. d4 d5 2. Nf3 e6 3. c4 Nf6 4. Nc3 c6 5. Bg5 Nbd7 6. cxd5 cxd5 7. Rc1 Be7 8.
e3 O-O 9. Bd3 Ne8 10. Bxe7 Qxe7 11. O-O Nef6 12. Na4 e5 13. dxe5 Nxe5 14. Nxe5
Qxe5 15. Qb3 b6 16. Be2 d4 17. Bf3 Be6 18. Qa3 Rac8 19. exd4 Qxd4 20. Nc3 Qd7
21. Rcd1 Qc7 22. Nb5 Qc5 23. Nxa7 1/2-1/2

[Event "U.S. Open"]
[Site "Lincoln, Neb."]
[Date "1975.08.15"]
[Round "6"]
[White "Moody, David"]
[Black "Jackson, E. S.."]
[Result "1/2-1/2"]
[WhiteElo "1640"]
[BlackElo "1832"]
[PlyCount "133"]
[EventDate "1975.08.10"]

1. e4 e5 2. f4 d5 3. exd5 e4 4. Nc3 Nf6 5. d3 Bb4 6. Bd2 e3 7. Bxe3 O-O 8. Nf3
Nxd5 9. Bd2 Nc6 10. Nxd5 Bxd2+ 11. Qxd2 Qxd5 12. Be2 Bg4 13. O-O Rae8 14. c3
Re7 15. Rae1 Qxa2 16. d4 Qd5 17. Bd3 Bxf3 18. Rxf3 Rfe8 19. Rxe7 Nxe7 20. Re3
Kf8 21. Qe2 g6 22. Be4 Qd7 23. Bxb7 c5 24. d5 Rb8 25. Bc6 Nxc6 26. dxc6 Qxc6
27. Rh3 Re8 28. Qd3 Qe6 29. Rxh7 Qe1+ 30. Qf1 Qe3+ 31. Kh1 Qxf4 32. Kg1 Qe3+
33. Kh1 Qf4 34. Kg1 Qxf1+ 35. Kxf1 Kg8 36. Rh4 Rb8 37. b4 cxb4 38. Rxb4 Ra8 39.
Ke2 Kf8 40. Ra4 Ke7 41. Ra6 Kd7 42. Rf6 Ke7 43. Ra6 f6 44. c4 g5 45. Kf3 Kf7
46. Kg4 Kg6 47. c5 Rb8 48. c6 Rb3 49. g3 Rc3 50. Rxa7 f5+ 51. Kh3 Rxc6 52. Ra4
Rc2 53. g4 Rc3+ 54. Kg2 fxg4 55. Rxg4 Kh5 56. Rg3 Rc2+ 57. Kg1 Kh4 58. Kh1 g4
59. Kg1 Rb2 60. Kh1 Kg5 61. Kg1 Kf4 62. Kh1 Re2 63. Kg1 Re1+ 64. Kg2 Rd1 65.
Kf2 Rh1 66. Kg2 Ra1 67. Kf2 1/2-1/2

[Event "U.S. Open"]
[Site "Lincoln, Neb."]
[Date "1975.08.17"]
[Round "7"]
[White "Allen, Mark"]
[Black "Moody, David"]
[Result "1-0"]
[WhiteElo "1806"]
[BlackElo "1640"]
[PlyCount "51"]
[EventDate "1975.08.10"]

1. e4 e5 2. Nf3 Nc6 3. d4 exd4 4. Bc4 Bb4+ 5. c3 dxc3 6. O-O c2 7. Qxc2 d6 8.
Ng5 Nh6 9. f4 Bc5+ 10. Kh1 Nd4 11. Qd3 Be6 12. Nxe6 fxe6 13. b4 Bb6 14. Bb2 e5
15. Nc3 Ng4 16. Qg3 h5 17. fxe5 dxe5 18. Rad1 Qe7 19. Bf7+ Kd8 20. Nd5 Qg5 21.
Nxb6 axb6 22. Bxd4 exd4 23. Rxd4+ Kc8 24. Be6+ Kb8 25. Rfd1 Qe5 26. Rd8+ 1-0

[Event "U.S. Open"]
[Site "Lincoln, Neb."]
[Date "1975.08.18"]
[Round "8"]
[White "Moody, David"]
[Black "Gross, Glen"]
[Result "0-1"]
[WhiteElo "1640"]
[BlackElo "1298"]
[PlyCount "52"]
[EventDate "1975.08.10"]

1. e4 c6 2. d4 d5 3. Nc3 dxe4 4. Nxe4 Bf5 5. Ng3 Bg6 6. Nf3 Nd7 7. Bc4 Ngf6 8.
h4 h6 9. h5 Bh7 10. Bf4 e6 11. Qe2 Be7 12. O-O-O O-O 13. Nh4 Re8 14. Rde1 Bb4
15. c3 Ba5 16. Nf3 Bc7 17. Bxc7 Qxc7 18. Bd3 Bxd3 19. Qxd3 Rad8 20. Rh4 c5 21.
Ne4 cxd4 22. Nxd4 Nxe4 23. Qxe4 Nf6 24. Qf3 Re7 25. Rh3 Rxd4 26. Rg3 Qf4+ 0-1

[Event "U.S. Open"]
[Site "Lincoln, Neb."]
[Date "1975.08.19"]
[Round "9"]
[White "Carlson, Jonathan"]
[Black "Moody, David"]
[Result "0-1"]
[WhiteElo "1505"]
[BlackElo "1640"]
[PlyCount "60"]
[EventDate "1975.08.10"]

1. Nf3 d5 2. c4 dxc4 3. e3 c5 4. Bxc4 Nc6 5. h3 Bf5 6. O-O Bd3 7. Bxd3 Qxd3 8.
a3 e6 9. Nc3 Nf6 10. Ne1 Qg6 11. Qc2 Qxc2 12. Nxc2 Rd8 13. Rd1 g6 14. b4 cxb4
15. axb4 Nxb4 16. Ba3 Nxc2 17. Bxf8 Nxa1 18. Bg7 Ke7 19. Bxh8 Rxh8 20. Rxa1 a6
21. Rb1 Rb8 22. d4 b5 23. Ra1 Rb6 24. Rb1 Nd5 25. Ne4 b4 26. Nc5 Nc3 27. Rb3 a5
28. Nd3 Kd6 29. Kf1 Kd5 30. Ke1 Kc4 0-1

[Event "U.S. Open"]
[Site "Lincoln, Neb."]
[Date "1975.08.20"]
[Round "10"]
[White "Moody, David"]
[Black "Reeves, Neil"]
[Result "1-0"]
[WhiteElo "1640"]
[BlackElo "1496"]
[PlyCount "49"]
[EventDate "1975.08.10"]

1. e4 e5 2. Nf3 Nc6 3. Bc4 Bc5 4. c3 d6 5. d4 exd4 6. cxd4 Bb6 7. O-O Bg4 8.
Be3 Qe7 9. Re1 O-O-O 10. Nc3 Nh6 11. Nd5 Qd7 12. Nxb6+ axb6 13. d5 Ne5 14. Be2
f5 15. Rc1 Kb8 16. Nxe5 dxe5 17. f3 Bh5 18. a4 f4 19. Bf2 g5 20. Qb3 g4 21. a5
gxf3 22. axb6 cxb6 23. Bxb6 Rc8 24. Qa3 Rc6 25. Qa7+ 1-0

[Event "U.S. Open"]
[Site "Lincoln, Neb."]
[Date "1975.08.21"]
[Round "11"]
[White "Moody, David"]
[Black "Gordon, Stephen"]
[Result "0-1"]
[WhiteElo "1640"]
[BlackElo "1808"]
[PlyCount "38"]
[EventDate "1975.08.10"]

1. e4 d6 2. d4 Nf6 3. Nc3 g6 4. Nf3 Bg7 5. Bc4 O-O 6. Be3 c6 7. Qd2 b5 8. Bb3
Ng4 9. Bg5 Nd7 10. h3 Ngf6 11. Bh6 a6 12. Bxg7 Kxg7 13. e5 dxe5 14. dxe5 Nd5
15. O-O-O e6 16. Ne4 Qc7 17. Nd6 Nxe5 18. Nxe5 Qxd6 19. f4 f6 0-1

[Event "U.S. Open"]
[Site "Lincoln, Neb."]
[Date "1975.08.22"]
[Round "12"]
[White "Quintero, Ricardo"]
[Black "Moody, David"]
[Result "1-0"]
[WhiteElo "2024"]
[BlackElo "1640"]
[PlyCount "83"]
[EventDate "1975.08.10"]

1. e4 e5 2. Nf3 Nc6 3. Bb5 a6 4. Ba4 Nf6 5. O-O Be7 6. Bxc6 dxc6 7. Nc3 Bg4 8.
h3 Bh5 9. g4 Bg6 10. Nxe5 Nxe4 11. Re1 Nxc3 12. bxc3 O-O 13. Rb1 f6 14. Nxg6
hxg6 15. Rxb7 Qc8 16. Rb3 Bd6 17. d4 f5 18. c4 fxg4 19. Qxg4 Qd8 20. Bg5 Qc8
21. Re6 Rf5 22. Rxg6 Qf8 23. Bh6 Rf7 24. Rf3 Rxf3 25. Rxg7+ Kh8 26. Qg6 Qg8 27.
Qe4 Rf7 28. Rxg8+ Rxg8+ 29. Kf1 Bg3 30. f4 Bxf4 31. Bxf4 Rgf8 32. Qxc6 Rxf4+
33. Ke1 Rxd4 34. Qxc7 Rff4 35. c5 Kg8 36. c6 a5 37. Qb8+ Kf7 38. c7 Rde4+ 39.
Kd2 Rd4+ 40. Kc1 Rf1+ 41. Kb2 Rb4+ 42. Qxb4 1-0

[Event "U.S. Open"]
[Site "Fairfax, Va."]
[Date "1976.08.15"]
[Round "1"]
[White "Moody, David"]
[Black "Holroyd, Ken"]
[Result "0-1"]
[WhiteElo "1576"]
[BlackElo "2076"]
[PlyCount "54"]
[EventDate "1976.08.15"]

1. e4 c5 2. Nf3 d6 3. d4 cxd4 4. Nxd4 Nf6 5. Nc3 e6 6. Bg5 Be7 7. Ndb5 a6 8.
Bxf6 gxf6 9. Na3 b5 10. Ne2 Bb7 11. Ng3 Qb6 12. Be2 Nc6 13. c3 Rc8 14. O-O Qc5
15. Nc2 Ne5 16. Nd4 Nc4 17. Qc2 h5 18. Rfe1 h4 19. Nf1 Qg5 20. Nf3 Qf4 21. Bd3
h3 22. Qe2 hxg2 23. Ng3 Nxb2 24. Bxb5+ axb5 25. Qxb5+ Bc6 26. Qa6 Bd7 27. Re3
Nc4 0-1

[Event "U.S. Open"]
[Site "Fairfax, Va."]
[Date "1976.08.16"]
[Round "2"]
[White "Gavilas, Ted"]
[Black "Moody, David"]
[Result "0-1"]
[WhiteElo "1266"]
[BlackElo "1576"]
[PlyCount "66"]
[EventDate "1976.08.15"]

1. e4 e5 2. Nf3 Nc6 3. Bc4 Nf6 4. Nc3 Nxe4 5. Nxe4 d5 6. Bd3 dxe4 7. Bxe4 Bc5
8. c3 Qf6 9. b4 Bb6 10. a4 a6 11. a5 Ba7 12. O-O Bg4 13. Qb3 O-O-O 14. d4 Bxf3
15. Bxf3 exd4 16. Bg4+ Kb8 17. Bb2 dxc3 18. Bxc3 Bd4 19. Rac1 h5 20. Bf3 Bxc3
21. Rxc3 Nd4 22. Qc4 Nb5 23. Re3 Rd4 24. Qb3 Rf4 25. Qd5 c6 26. Re8+ Rxe8 27.
Qxh5 Re5 28. Qh8+ Ka7 29. Rd1 Rh4 30. Qc8 Qe6 31. Qxe6 Rxe6 32. g3 Rxb4 33. Bg4
Rxg4 0-1

[Event "1st Quick Quad"]
[Site "Fairfax, Va."]
[Date "1976.08.17"]
[Round "1"]
[White "Moody, David"]
[Black "Small, Charles"]
[Result "1-0"]
[WhiteElo "1576"]
[BlackElo "1443"]
[PlyCount "37"]
[EventDate "1976.08.17"]

1. e4 e6 2. d4 d5 3. Nc3 Bb4 4. e5 c5 5. a3 Bxc3+ 6. bxc3 Ne7 7. Qg4 Qc7 8. Bd2
Nbc6 9. Bb5 Bd7 10. Qxg7 Rg8 11. Qxh7 cxd4 12. Bxc6 Qxe5+ 13. Ne2 bxc6 14. cxd4
Qf6 15. O-O-O Rxg2 16. Rdg1 Rxf2 17. Rg8+ Nxg8 18. Qxg8+ Ke7 19. Bb4+ 1-0

[Event "U.S. Open"]
[Site "Fairfax, Va."]
[Date "1976.08.17"]
[Round "3"]
[White "Moody, David"]
[Black "Grinberg, Matthew"]
[Result "0-1"]
[WhiteElo "1576"]
[BlackElo "1894"]
[PlyCount "20"]
[EventDate "1976.08.15"]

1. d4 Nf6 2. c4 e6 3. Nf3 b6 4. g3 Bb7 5. Bg2 Be7 6. O-O O-O 7. Nc3 Ne4 8. Qc2
Nxc3 9. Ng5 Nxe2+ 10. Kh1 Bxg2+ 0-1

[Event "1st Quick Quad"]
[Site "Fairfax, Va."]
[Date "1976.08.17"]
[Round "2"]
[White "Moody, David"]
[Black "Chang, Kwei"]
[Result "1-0"]
[WhiteElo "1576"]
[BlackElo "1516"]
[PlyCount "69"]
[EventDate "1976.08.17"]

1. e4 c5 2. Nf3 d6 3. d4 cxd4 4. Nxd4 Nf6 5. Nc3 g6 6. f3 Bg7 7. Be3 Nc6 8. Be2
Bd7 9. Qd2 Nxd4 10. Bxd4 O-O 11. O-O-O a6 12. h4 e5 13. Be3 Ne8 14. Bh6 Be6 15.
h5 g5 16. Bxg5 f6 17. Bh6 Rf7 18. Rdg1 Rc8 19. g4 Qa5 20. g5 Bxh6 21. gxf6+ Kh8
22. Qxh6 Nxf6 23. Rg6 Qd8 24. Rhg1 Qe7 25. Nd5 Bxd5 26. exd5 Ng8 27. Qd2 hxg6
28. hxg6 Rf4 29. g7+ Kh7 30. Bd3+ Kh6 31. Rg4 Nf6 32. Qh2+ Nh5 33. Rg6+ Kh7 34.
g8=Q+ Rxg8 35. Qxh5# 1-0

[Event "U.S. Open"]
[Site "Fairfax, Va."]
[Date "1976.08.18"]
[Round "4"]
[White "Peterson, Polly"]
[Black "Moody, David"]
[Result "1/2-1/2"]
[WhiteElo "1345"]
[BlackElo "1576"]
[PlyCount "34"]
[EventDate "1976.08.15"]

1. e4 e5 2. Nf3 Nc6 3. Nc3 Nf6 4. Bb5 Nd4 5. Ba4 Nxf3+ 6. Qxf3 Bc5 7. O-O O-O
8. d3 d6 9. Bg5 c6 10. Bb3 Be6 11. Bxf6 gxf6 12. Bxe6 fxe6 13. Na4 Bb6 14. Nxb6
axb6 15. Qg4+ Kf7 16. Qh5+ Kg8 17. Qg4+ Kf7 1/2-1/2

[Event "2nd Quick Quad"]
[Site "Fairfax, Va."]
[Date "1976.08.18"]
[Round "2"]
[White "Moody, David"]
[Black "Goldberg, Nathan"]
[Result "1-0"]
[WhiteElo "1576"]
[BlackElo "1576"]
[PlyCount "31"]
[EventDate "1976.08.18"]

1. e4 c5 2. Nf3 d6 3. d4 cxd4 4. Nxd4 Nf6 5. Nc3 a6 6. Bg5 e6 7. f4 Be7 8. Bc4
Nc6 9. O-O O-O 10. Nxc6 bxc6 11. e5 Qb6+ 12. Kh1 dxe5 13. fxe5 Qxb2 14. exf6
gxf6 15. Bh6 Qxc3 16. Qg4+ 1-0

[Event "2nd Quick Quad"]
[Site "Fairfax, Va."]
[Date "1976.08.18"]
[Round "1"]
[White "Franklin, Royal"]
[Black "Moody, David"]
[Result "0-1"]
[WhiteElo "1514"]
[BlackElo "1576"]
[PlyCount "44"]
[EventDate "1976.08.18"]

1. d4 d5 2. e3 Bf5 3. c4 e6 4. Nc3 c6 5. Nf3 Bb4 6. Bd2 Nf6 7. a3 Ba5 8. Be2
Nbd7 9. O-O Qe7 10. Nh4 Bc7 11. Nxf5 exf5 12. c5 h5 13. Bf3 Ng4 14. g3 O-O-O
15. b4 Nxh2 16. Kxh2 h4 17. Kg2 hxg3 18. fxg3 Rh2+ 19. Kxh2 Qh4+ 20. Kg1 Qxg3+
21. Bg2 Rh8 22. Rf3 Rh1+ 0-1